Normal view
MARC view
- Suhrawardy, A. H
Entry Personal Name
001 - CONTROL NUMBER
- control field: 67257
003 - CONTROL NUMBER IDENTIFIER
- control field: NUST
005 - DATE AND TIME OF LATEST TRANSACTION
- control field: 20210628203758.0
008 - FIXED-LENGTH DATA ELEMENTS
- fixed length control field: 210628|| aca||aabn | a|a d
040 ## - CATALOGING SOURCE
- Original cataloging agency: NUST
- Transcribing agency: NUST
100 ## - HEADING--PERSONAL NAME
- Personal name: Suhrawardy, A. H
670 ## - SOURCE DATA FOUND
- Source citation: Work cat.: (NUST): Suhrawardy, A. H, Islam, for modern times, 1995
